000
00273pab a2200121 454500
008
180718b xxu||||| |||| 00| 0 eng d
100
_a
Singh Satyindra
245
_a
Our unchanging police
362
_a
19 Oct 93, p.8
650
_a
Police
773
_a
Tribune
909
_a
25864
999
_c
25864
_d
25864